Macmillan secondary school atlas / (Record no. 5726)

000 -LEADER
fixed length control field 01335cem a2200385 a 4500
001 - CONTROL NUMBER
control field 5530758
003 - CONTROL NUMBER IDENTIFIER
control field OSt
005 - DATE AND TIME OF LATEST TRANSACTION
control field 20220616071239.0
007 - PHYSICAL DESCRIPTION FIXED FIELD--GENERAL INFORMATION
fixed length control field ad|canzn
008 - FIXED-LENGTH DATA ELEMENTS--GENERAL INFORMATION
fixed length control field 980922s1990 ke e 0 eng
010 ## - LIBRARY OF CONGRESS CONTROL NUMBER
LC control number 93676472
020 ## - INTERNATIONAL STANDARD BOOK NUMBER
International Standard Book Number 0333688074
034 0# - CODED CARTOGRAPHIC MATHEMATICAL DATA
Category of scale a
040 ## - CATALOGING SOURCE
Original cataloging agency DLC
Transcribing agency ALUPE UNIVERSITY
Modifying agency DLC
050 00 - LIBRARY OF CONGRESS CALL NUMBER
Classification number G2530
Item number .M33 1999
052 ## - GEOGRAPHIC CLASSIFICATION
Geographic classification area code 8410
052 ## - GEOGRAPHIC CLASSIFICATION
Geographic classification area code 8200
052 ## - GEOGRAPHIC CLASSIFICATION
Geographic classification area code 3200
082 00 - DEWEY DECIMAL CLASSIFICATION NUMBER
Classification number 912
Edition number 20
110 2# - MAIN ENTRY--CORPORATE NAME
Corporate name or jurisdiction name as entry element Macmillan Kenya (Publishers) Ltd.
245 10 - TITLE STATEMENT
Title Macmillan secondary school atlas /
Statement of responsibility, etc. editors, Enos O Oyaya; Macmillan Kenya (Publishers) Ltd.
246 3# - VARYING FORM OF TITLE
Title proper/short title Secondary school atlas.
246 3# - VARYING FORM OF TITLE
Display text Title from preface:
Title proper/short title Macmillan Kenya secondary school atlas
255 ## - CARTOGRAPHIC MATHEMATICAL DATA
Statement of scale Scales differ.
260 ## - PUBLICATION, DISTRIBUTION, ETC.
Place of publication, distribution, etc. Nairobi, Kenya:
Name of publisher, distributor, etc. Macmillan Publishers Ltd.,
Date of publication, distribution, etc. c1999
300 ## - PHYSICAL DESCRIPTION
Extent 1 atlas (128 p.) :
Other physical details col. ill., col. maps ;
Dimensions 30 cm.
520 ## - SUMMARY, ETC.
Summary, etc. Maps, statistics, graphs, diagrams, photographs, satellite images, and explanatory text describe Kenya and its neighbors in Africa and throughout the world.
651 #0 - SUBJECT ADDED ENTRY--GEOGRAPHIC NAME
Geographic name Kenya
Form subdivision Maps.
651 #0 - SUBJECT ADDED ENTRY--GEOGRAPHIC NAME
Geographic name Africa
Form subdivision Maps.
655 #7 - INDEX TERM--GENRE/FORM
Genre/form data or focus term World atlases.
Source of term lcgft
906 ## - LOCAL DATA ELEMENT F, LDF (RLIN)
a 7
b cbc
c origcop
d u
e ncip
f 19
g y-geogmaps
942 ## - ADDED ENTRY ELEMENTS (KOHA)
Source of classification or shelving scheme
Koha item type References
Suppress in OPAC AB
Holdings
Withdrawn status Lost status Source of classification or shelving scheme Damaged status Not for loan Permanent Location Current Location Shelving location Date acquired Source of acquisition Total Checkouts Full call number Barcode Date last seen Price effective from Koha item type Public note
          AU LIBRARY AU LIBRARY Reference 16.06.2022 DONATION FROM MOI UNIVERSITY   G2530 .M33 1999 28002399 16.06.2022 16.06.2022 Book AB

Powered by Koha